Sataraṅgā ān̐cala. (Record no. 53529)

MARC details
000 -LEADER
fixed length control field 00520cam a22002171 4500
001 - CONTROL NUMBER
control field sa 63000554
003 - CONTROL NUMBER IDENTIFIER
control field DLC
005 - DATE AND TIME OF LATEST TRANSACTION
control field 20260227111922.0
008 - FIXED-LENGTH DATA ELEMENTS--GENERAL INFORMATION
fixed length control field 890615s1962 ii a 000 1 hino
010 ## - LIBRARY OF CONGRESS CONTROL NUMBER
LC control number sa 63000554
035 ## - SYSTEM CONTROL NUMBER
System control number (OCoLC)19876789
040 ## - CATALOGING SOURCE
Original cataloging agency DLC
Transcribing agency WaU
Modifying agency DLC
042 ## - AUTHENTICATION CODE
Authentication code premarc
050 00 - LIBRARY OF CONGRESS CALL NUMBER
Classification number PK2077
Item number .B5
100 1# - MAIN ENTRY--PERSONAL NAME
Personal name Bhatnagar, S. P.
245 10 - TITLE STATEMENT
Title Sataraṅgā ān̐cala.
260 ## - PUBLICATION, DISTRIBUTION, ETC.
Date of publication, distribution, etc. [1962]
300 ## - PHYSICAL DESCRIPTION
Extent 139 p.
Other physical details illus.
Dimensions 18 cm.
500 ## - GENERAL NOTE
General note In Hindi.
650 #0 - SUBJECT ADDED ENTRY--TOPICAL TERM
Topical term or geographic name entry element Short stories, Hindi.

No items available.

Powered by Koha